00577nam a2200169Ia 4500952013300000999001700133003000400150005001700154008004100171040000900212082001800221100003200239245004900271260003600320300000900356942004200365 00102ddc40708HISTORYaMESbMEScHISd2019-02-20g283.00l0o944.04 HIB/Fp16837r2019-02-20 00:00:00w2019-02-20yBKzGL38R2 c19855d19855OSt20200706114551.0190216s9999||||xx |||||||||||||| ||und|| coclc a944.04bHIB/F aHibbert, Christopher 93361 4aThe French Revolution /cChristopher Hibbert bPenguin Books,c1984.aEngland: a352p cBK2ddch944.04iHIB/Fk944.04mHIB/F